[Event "ch-CZE w"]
[Site "Lahucovice CZE"]
[Date "2003.02.24"]
[Round "5"]
[White "Urbankova,E"]
[Black "Medunova,V"]
[Result "1-0"]
[WhiteElo "2191"]
[BlackElo "2188"]

1.d4 Nf6 2.c4 c6 3.Nc3 d5 4.Nf3 a6 5.Qb3 e6 6.Bg5 Be7 7.e3 O-O 8.Bd3 Nbd7
9.O-O h6 10.Bh4 Nh5 11.Bxe7 Qxe7 12.cxd5 exd5 13.Qc2 Nhf6 14.Rab1 Re8 15.Rfc1 Ne4
16.Bxe4 dxe4 17.Nd2 Nf6 18.Na4 Be6 19.a3 Rad8 20.Qc5 Qc7 21.b4 Rd5 22.Qc2 Rh5
23.Nf1 Ng4 24.h3 Nf6 25.Qe2 b5 26.Nc5 Bc4 27.Rxc4 bxc4 28.Qxc4 a5 29.a4 axb4
30.Rxb4 Rb8 31.Ng3 Rxb4 32.Qxb4 Rd5 33.a5 Rd8 34.a6 Rb8 35.Qa3 Qb6 36.Qa2 Ra8
37.Nf5 Qb8 38.Ne7+ Kf8 39.Nxc6 Qc7 40.Ne5 Ra7 41.Ncd7+ Ke8 42.Qxf7+ Kd8 43.Qf8+ Ne8
44.Nc5 Qb6 45.Nf7+  1-0

[Event "ch-CZE b18+20"]
[Site "Lahucovice CZE"]
[Date "2003.02.24"]
[Round "6"]
[White "Lahner,J"]
[Black "Jirka,J"]
[Result "0-1"]
[WhiteElo "2241"]
[BlackElo "2370"]

1.d4 d5 2.c4 c6 3.Nf3 Nf6 4.Nc3 a6 5.a4 Nbd7 6.g3 g6 7.Bg2 Bg7 8.O-O O-O
9.cxd5 cxd5 10.a5 b5 11.Ne5 Bb7 12.f4 Ne4 13.Nxe4 dxe4 14.Nxd7 Qxd7 15.e3 Rac8
16.Bd2 Qd6 17.Qe1 Rc4 18.Rf2 Rfc8 19.Bf1 Rc2 20.Bb4 Qd5 21.Rxc2 Rxc2 22.Qb1 Rc6
23.Bc5 g5 24.Bg2 Rg6 25.Qa2 Qd7 26.fxg5 Rxg5 27.Rf1 Bd5 28.Qb1 f5 29.Qe1 h5
30.Qf2 Bc4 31.Qf4 Bf6 32.Re1 Rg4 33.Qb8+ Kf7 34.Qa7 Qxa7 35.Bxa7 h4 36.Bb8 Rg8
37.Bf4 e6 38.Bd6 Ke8 39.Kf2 Kd7 40.Bc5 Bd8 41.Bb6 hxg3+ 42.hxg3 Bxb6 43.axb6 Kc6
44.b4 Kxb6 45.Ra1 Bd5 46.Bf1 Rc8 47.g4 fxg4 48.Ra3 Rc1 49.Bg2 Rb1 50.Kg3 Rxb4
51.Kxg4 Rb2 52.Bh3 Rb3  0-1

[Event "Open"]
[Site "Cappelle la Grande FRA"]
[Date "2003.02.25"]
[Round "5"]
[White "Pigott,J"]
[Black "Luther,T"]
[Result "0-1"]
[WhiteElo "2382"]
[BlackElo "2575"]

1.d4 d5 2.c4 c6 3.Nf3 Nf6 4.Nc3 a6 5.c5 Nbd7 6.Bf4 Nh5 7.e3 g6 8.Bd3 Bg7
9.O-O Nxf4 10.exf4 Qc7 11.g3 O-O 12.Re1 b6 13.cxb6 Nxb6 14.Ne5 c5 15.Rc1 c4
16.Bf1 Bf5 17.a4 Qd6 18.a5 Nd7 19.g4 Be6 20.Bg2 Rab8 21.Nxd7 Bxd7 22.Nxd5 e6
23.Nb6 Bb5 24.Nxc4 Qxf4 25.Re4 Qc7 26.b3 Rfd8 27.Nb6 Qd6 28.d5 Qa3 29.b4 exd5
30.Rf4 Bh6 31.Ra1 Qb2 32.Rb1 Qe5 33.Rd4 Be2 34.Rxd5 Rxd5 35.Qxd5 Qf4 36.Qe4 Qd2
37.h3 Bd3 38.Qe5 Bf4 39.Qa1 Bxb1 40.Qxb1 Re8  0-1

[Event "ch-CZE w"]
[Site "Lahucovice CZE"]
[Date "2003.02.28"]
[Round "9"]
[White "Cedikova,K"]
[Black "Krupkova,P"]
[Result "1/2-1/2"]
[WhiteElo "2184"]
[BlackElo "2301"]

1.Nf3 Nf6 2.c4 c6 3.Nc3 d5 4.d4 a6 5.a4 e6 6.Bg5 Nbd7 7.Qc2 Be7 8.e3 O-O
9.Bd3 dxc4 10.Bxc4 c5 11.O-O h6 12.Bh4 cxd4 13.Nxd4 Ne5 14.Be2 Ng6 15.Bg3 e5
16.Nf5 Bxf5 17.Qxf5 Bd6 18.Rfd1 Qb6 19.Rd2 Rfd8 20.Bc4 Ne7 21.Qf3 Rac8 22.Ba2 Bb8
23.Rad1 Rxd2 24.Rxd2 e4 25.Qd1 Bxg3 26.hxg3 Nc6 27.Qb3 Qc7 28.Nd5 Nxd5 29.Rxd5 Qe7
30.Rd1 Nb4 31.Bb1 a5 32.Kh2 Kh8 33.f3 exf3 34.gxf3 g6 35.Be4 Kg7 36.Kg2 b6
37.Kf2 h5 38.Rh1 Qe5 39.Bb1 Rd8 40.f4 Rd2+ 41.Kf3 Qxb2 42.Qxb2+ Rxb2 43.Rd1 Na6
44.Bd3 Nc5 45.Bb5 Rb4 46.Rd6 Nxa4 47.Bxa4 Rxa4 48.Rxb6 f5 49.Rb7+ Kh6 50.Rb6 Ra1
51.Ra6 a4 52.Ra8 a3 53.Kg2 a2 54.Ra7 h4 55.gxh4 Re1 56.Rxa2 Rxe3 57.Ra7 Kh5
58.Rg7 Ra3 59.Kf2 Kg4 60.Rxg6+ Kxf4 61.h5 Ra2+ 62.Kg1 Ra1+ 63.Kg2 Ra2+ 64.Kg1 Ra1+
65.Kg2 Ra2+ 66.Kg1 Ra1+  1/2-1/2

[Event "ch-RUS w 1st League"]
[Site "Serpukhov RUS"]
[Date "2003.02.28"]
[Round "9"]
[White "Pakhomova,E"]
[Black "Molchanova,T"]
[Result "0-1"]
[WhiteElo "2067"]
[BlackElo "2274"]

1.d4 d5 2.c4 c6 3.Nf3 Nf6 4.Nc3 a6 5.cxd5 cxd5 6.Ne5 e6 7.Bf4 Be7 8.e3 O-O
9.Bd3 Nc6 10.O-O Nxe5 11.Bxe5 Nd7 12.Bg3 f5 13.Rc1 Rf6 14.Bh4 Rh6 15.Bxe7 Qxe7
16.g3 Nf6 17.f3 Bd7 18.Rf2 Rf8 19.Na4 Nh5 20.Nb6 Bc6 21.Qc2 e5 22.Qc5 Qxc5
23.Rxc5 e4 24.fxe4 fxe4 25.Rxf8+ Kxf8 26.Be2 Nf6 27.Kg2 Ke7 28.b4 Kd6 29.a4 Nd7
30.Nxd7 Bxd7 31.b5 axb5 32.Bxb5 Bh3+ 33.Kg1 Rf6 34.Be2 Bd7 35.a5 Rf8 36.Bb5 Bc6
37.a6 Ra8 38.axb7 Bxb7 39.Rc1 Ra5 40.Be2 Ra2 41.Kf1 Bc6 42.Ke1 Bd7 43.Kf1 g5
44.Ke1 h5 45.Kf1 h4 46.g4 Ba4 47.h3 Bc2 48.Kf2 Bd3 49.Re1 Kc6 50.Kf1 Rxe2
51.Rxe2 Kb5 52.Kf2 Bxe2 53.Kxe2 Kc4 54.Kd2 Kb3 55.Kd1 Kc3 56.Ke1 Kd3  0-1

[Event "52nd ch-BUL w"]
[Site "Sofia BUL"]
[Date "2003.03.01"]
[Round "9"]
[White "Raeva,E"]
[Black "Djingarova,E"]
[Result "0-1"]
[WhiteElo "2143"]
[BlackElo "2267"]

1.d4 d5 2.c4 c6 3.Nc3 Nf6 4.Nf3 a6 5.e3 b5 6.c5 Bg4 7.a3 Nbd7 8.b4 e5 9.Be2 Bxf3
10.gxf3 Qe7 11.Bb2 g6 12.dxe5 Nxe5 13.f4 Ned7 14.Bf3 Bg7 15.Ne2 O-O 16.Nd4 Rfc8
17.Rg1 Nf8 18.f5 N8d7 19.h4 Ne5 20.Be2 Ne4 21.Rh1 Bf6 22.Bd3 Bxh4 23.Bxe4 dxe4
24.Qc2 Nd3+ 25.Ke2 Nxb2 26.Qxb2 Bf6 27.fxg6 fxg6 28.Rhg1 Qf7 29.Qb3 Bxd4
30.Qxf7+ Kxf7 31.exd4 h5 32.Ke3 a5 33.Rg5 axb4 34.axb4 Re8 35.Re5 Rxe5 36.dxe5 Ke6
37.Kxe4 Ra4 38.Rb1 g5 39.f4 gxf4 40.Kxf4 h4 41.Kg4 Kxe5 42.Kxh4 Kd5 43.Kg4 Kc4
44.Kf3 Rxb4 45.Rc1+ Kd5 46.Ke3 Rc4 47.Rd1+ Kxc5 48.Rh1 Rc3+ 49.Kd2 b4 50.Rh5+ Kc4
51.Rh1 c5 52.Rg1 Rd3+ 53.Kc2 b3+ 54.Kb1 Kb4 55.Rg8 c4 56.Rg1 Rd2 57.Rh1 c3  0-1

[Event "Tch-SWE 2002-3"]
[Site "Sweden SWE"]
[Date "2003.03.01"]
[Round "8"]
[White "Matros,A"]
[Black "Hermansson,E"]
[Result "0-1"]
[WhiteElo "2452"]
[BlackElo "2387"]

1.d4 Nf6 2.c4 c6 3.Nc3 d5 4.Nf3 a6 5.Bg5 Ne4 6.Bh4 Nxc3 7.bxc3 dxc4 8.e4 b5
9.Be2 g6 10.Ne5 Bg7 11.f4 c5 12.d5 Nd7 13.Nc6 Bxc3+ 14.Kf1 Qc7 15.e5 e6 16.Rc1 exd5
17.Ne7 Bd4 18.Nxd5 Qa7 19.Bf3 Bb7 20.Qe1 O-O 21.Qg3 Rae8 22.Qh3 f5 23.Bg5 Nb6
24.Nf6+ Rxf6 25.Bxf6 Nd5 26.Bxd5+ Bxd5 27.Qg3 Qf7 28.h4 c3 29.Rxc3 Bc4+ 30.Rd3 Bxd3+
31.Qxd3 Qxa2 32.Qe2 Qb1+ 33.Qe1 Qd3+ 34.Qe2 Qb1+ 35.Qe1 Qxe1+ 36.Kxe1 a5
37.h5 a4 38.hxg6 hxg6 39.Rh3 b4 40.Kd2 a3 41.Rh8+ Kf7 42.Rh7+ Ke6 43.Ra7 Kd5  0-1

[Event "ch-Serbia w"]
[Site "Dimitrovgrad YUG"]
[Date "2003.03.02"]
[Round "3"]
[White "Urosevic,M"]
[Black "Popovic,J"]
[Result "1/2-1/2"]
[WhiteElo "2033"]
[BlackElo "2042"]

1.d4 d5 2.Nf3 Nf6 3.c4 c6 4.Nc3 a6 5.e3 b5 6.cxd5 cxd5 7.Bd3 e6 8.O-O Be7
9.Ne5 O-O 10.Bd2 Bb7 11.f4 Nbd7 12.g4 Ne4 13.g5 Nxe5 14.dxe5 Nxd2 15.Qxd2 Bxg5
16.Ne2 Be7 17.Nd4 Qb6 18.Rf3 b4 19.Rg3 f5 20.Qg2 Rf7 21.Be2 g6 22.Bh5 Kh8
23.Bxg6 Rg7 24.Bh5 Rag8 25.Qh3 Bc5 26.Rd1 a5 27.Be2 Ba6 28.Bxa6 Qxa6 29.Rd2 Bxd4
30.exd4 Qc4 31.Kf2 Qxa2 32.Qh6 Rxg3 33.hxg3 Rg7 34.Qf6 Qb3 35.Qf8+ Rg8 36.Qf6+  1/2-1/2

[Event "X Anibal Open"]
[Site "Linares ESP"]
[Date "2003.03.03"]
[Round "4"]
[White "Najer,E"]
[Black "Teran Alvarez,I"]
[Result "1-0"]
[WhiteElo "2585"]
[BlackElo "2404"]

1.d4 d5 2.c4 c6 3.Nc3 Nf6 4.Nf3 a6 5.a4 e6 6.Bg5 a5 7.e3 Be7 8.Bd3 Na6 9.O-O Nb4
10.Bb1 b6 11.Ne5 Nd7 12.Bxe7 Qxe7 13.Nxd7 Qxd7 14.cxd5 cxd5 15.Qh5 Ba6 16.Rd1 h6
17.e4 O-O 18.e5 Qe8 19.Ra3 f6 20.Qxe8 Raxe8 21.exf6 Rxf6 22.Nb5 Bxb5 23.axb5 e5
24.Re3 Ref8 25.dxe5 Rxf2 26.Bg6 d4 27.Rf3 R2xf3 28.gxf3 Rd8 29.Kf2 Kf8 30.f4 Ke7
31.h4 d3 32.Ke3 Rd5 33.Rc1 Nc2+ 34.Kd2 Rd4 35.Rf1 Ke6 36.Kc3 Rd8 37.Bxd3 Ne3
38.Rf3 Nd5+ 39.Kd2 Ne7 40.Ke2 Rd4 41.Bh7 g5 42.hxg5 hxg5 43.fxg5 Kxe5 44.Rf5+ Ke6
45.Rf6+ Ke5 46.Rxb6 Nd5 47.Rb8 Rb4 48.Re8+ Kd6 49.g6 Nf4+ 50.Kd1 Nh5 51.Rd8+ Ke6
52.Rb8 Rxb2 53.Bg8+ Kf6 54.Rb6+ Kg7 55.Kc1 Rh2 56.Bf7 Nf6 57.Rb7 a4 58.Ra7 Kh6
59.Ra6 Ne4 60.Be8 Kg7 61.Ra7+ Kg8 62.Bd7 Ng5 63.Bc6 Rh7 64.Rd7 Rxd7 65.Bxd7 Ne4
66.b6 Nc5 67.Bxa4 Kg7 68.Bc2  1-0

[Event "X Anibal Open"]
[Site "Linares ESP"]
[Date "2003.03.05"]
[Round "6"]
[White "Gleizerov,E"]
[Black "Peng Zhaoqin"]
[Result "1-0"]
[WhiteElo "2579"]
[BlackElo "2425"]

1.d4 d5 2.c4 c6 3.Nf3 Nf6 4.Nc3 a6 5.Ne5 Nbd7 6.Bf4 dxc4 7.e3 Nxe5 8.dxe5 Nd5
9.Bxc4 Be6 10.Bxd5 cxd5 11.Qd4 Qa5 12.O-O Rd8 13.Rfd1 g6 14.Rac1 Bg7 15.b4 Qa3
16.Rb1 Rc8 17.Rb3 Rxc3 18.Rxa3 Rxa3 19.e4 O-O 20.exd5 Bf5 21.Qb6 h6 22.Qxb7 g5
23.Bg3 Re8 24.h4 Rxa2 25.d6 exd6 26.exd6 Rd8 27.hxg5 Rd7 28.Qf3  1-0

[Event "1st Festival"]
[Site "Nancy FRA"]
[Date "2003.03.06"]
[Round "6"]
[White "Nezar,M"]
[Black "Sarakauskas,G"]
[Result "1/2-1/2"]
[WhiteElo "2320"]
[BlackElo "2380"]

1.d4 d5 2.c4 c6 3.Nc3 Nf6 4.Nf3 a6 5.c5 Nbd7 6.Bf4 Nh5 7.Bd2 e5 8.e3 g6 9.Be2 e4
10.Ng1 Ng7 11.Na4 h5 12.Qc2 Nf5 13.O-O-O Bg7 14.Kb1 O-O 15.g3 Rb8 16.Ka1 Nf6
17.Nb6 Be6 18.Ba5 Qe7 19.Rf1 Ng4 20.Bd2 Qf6 21.h3 Nxf2 22.Rh2 Nd3 23.g4 hxg4
24.hxg4 Nxd4 25.exd4 Qxd4 26.Bxd3 exd3 27.Qc1 Qxg4 28.Nf3 f6 29.Rh4 Qg2 30.Rh2 Qg4
31.Rh4 Qg2 32.Nd4 Rbe8 33.Rg1 Qf2 34.Rf4 Qh2 35.Rxg6 Kf7 36.Nf3 Qe2 37.Qg1 Rg8
38.Bc3 d4 39.Nxd4 Qh5 40.Rg5 Bh6 41.Rxf6+ Kxf6 42.Nxe6+ Kxe6 43.Rxg8 Rxg8
44.Qxg8+ Kf5 45.Qh7+ Qg6 46.Qxg6+ Kxg6 47.Kb1 Kf5 48.Nc4 Ke4 49.Bd2 Bxd2
50.Nxd2+ Kd4 51.Nb3+ Ke3 52.Kc1 Ke2 53.Nd2 a5 54.b3 Ke3 55.Kd1 Kd4 56.Nc4 a4
57.Kd2 axb3 58.axb3 Kxc5 59.Kxd3 b5 60.Ne5 Kd5 61.Nd7 c5 62.Ke3 c4 63.b4 c3
64.Nb6+ Kc6 65.Nc8 Kd5 66.Kd3 c2 67.Kxc2 Kc4 68.Nd6+ Kxb4 69.Nxb5 Kxb5  1/2-1/2

[Event "FSIMB March"]
[Site "Budapest HUN"]
[Date "2003.03.09"]
[Round "9"]
[White "Schneider,At"]
[Black "Yeke,S"]
[Result "1-0"]
[WhiteElo "2302"]
[BlackElo "2277"]

1.d4 d5 2.Nf3 Nf6 3.c4 c6 4.Nc3 a6 5.Qb3 dxc4 6.Qxc4 Bf5 7.g3 e6 8.Bg2 Be7
9.O-O O-O 10.Qb3 Ra7 11.Nh4 Bg4 12.h3 Bh5 13.e4 Nfd7 14.Nf3 b5 15.Be3 c5
16.g4 Bg6 17.Rfd1 c4 18.Qc2 Qc7 19.d5 Nc5 20.dxe6 fxe6 21.Nd4 Qe5 22.f3 Bd6
23.f4 Rxf4 24.Ndxb5 Nxe4 25.Nxd6 Rf1+ 26.Rxf1 Nxd6 27.Qd2  1-0

[Event "Windesheim Open"]
[Site "Zwolle NED"]
[Date "2003.03.09"]
[Round "6"]
[White "Shchekachev,A"]
[Black "Georgiev,Vl"]
[Result "0-1"]
[WhiteElo "2572"]
[BlackElo "2549"]

1.Nf3 d5 2.d4 Nf6 3.c4 c6 4.Nc3 a6 5.a4 e6 6.Bg5 a5 7.e3 Be7 8.Be2 O-O 9.O-O h6
10.Bh4 b6 11.Rc1 Bb7 12.Qb3 Na6 13.Ne5 Nb4 14.cxd5 exd5 15.e4 c5 16.dxc5 Nxe4
17.Nxe4 Bxh4 18.Nd6 Qe7 19.Nxb7 Qxe5 20.Bf3 Rab8 21.c6 Rfc8 22.Rfd1 Bg5 23.Rc3 Bd2
24.Rd3 Nxd3 25.Qxd3 Rxc6 26.Qxd2 Rxb7 27.Bxd5 Rd7  0-1

[Event "Victor Ciocaltea Mem"]
[Site "Bucharest ROM"]
[Date "2003.03.15"]
[Round "12"]
[White "Grigore,Ge"]
[Black "Murariu,A"]
[Result "1/2-1/2"]
[WhiteElo "2482"]
[BlackElo "2361"]

1.d4 d5 2.c4 c6 3.Nf3 Nf6 4.Nc3 a6 5.e3 b5 6.b3 Bg4 7.Be2 e6 8.O-O Nbd7 9.h3 Bxf3
10.Bxf3 Be7 11.Qe2 O-O 12.e4 b4 13.Na4 dxe4 14.Bxe4 Nxe4 15.Qxe4 Rc8 16.Be3 Qa5
17.Rad1 Qh5 18.Qg4 Qxg4 19.hxg4 f5 20.gxf5 exf5 21.f3 Bd6 22.c5 Bb8 23.d5 cxd5
24.Rxd5 Ne5 25.Bf4 Rfe8 26.Bh2 Rc6 27.Rfd1 Rce6 28.Nb6 f4 29.Kf1 Nc6 30.Nc4 Re2
31.Nd6 R8e5 32.Rxe5 Rxe5 33.Bxf4 Rxc5 34.Ne4 Rb5 35.Bxb8 Rxb8 36.Rd6 Rc8
37.Kf2 Kf7 38.Rd7+ Ne7 39.Nd6+ Ke6 40.Rxe7+ Kxd6 41.Rxg7 Rc2+ 42.Ke3 Rxa2
43.Rxh7 Rxg2  1/2-1/2

[Event "IV Dos Hermanas Internet Final"]
[Site "ICC INT"]
[Date "2003.03.21"]
[Round "1.3"]
[White "Vasquez,R"]
[Black "Bauer,Ch"]
[Result "0-1"]
[WhiteElo "2481"]
[BlackElo "2579"]

1.d4 d5 2.Nf3 c6 3.c4 Nf6 4.Nc3 a6 5.c5 g6 6.Bf4 Bg7 7.h3 Nbd7 8.e3 O-O 9.Be2 Ne8
10.O-O f6 11.b4 e5 12.Bg3 e4 13.Nd2 Nc7 14.f3 exf3 15.Bxf3 f5 16.Re1 Nf6
17.Be5 Nd7 18.Bxg7 Kxg7 19.a4 Nf6 20.Ne2 Ne4 21.Nf4 Ne6 22.Nd3 Qh4 23.Rf1 Bd7
24.Nb3 N6g5 25.Qe1 Qxe1 26.Rfxe1 Nf7 27.Na5 Bc8 28.Bd1 Re8 29.Bc2 Nf6 30.Nf4 Re7
31.Bd3 g5 32.Ne2 Rxe3 33.Rad1 Rb8 34.Kf2 f4 35.Ng1 Ne4+ 36.Bxe4 Rxe4 37.Nf3 Kf6
38.b5 axb5 39.axb5 cxb5 40.Rb1 Bd7 41.Nb3 Bc6 42.Ra1 Rbe8 43.Nbd2 Rxe1 44.Nxe1 Nh6
45.Nef3 Nf5 46.Ra7 Re3 47.Ra8 Ng3 48.Rf8+ Kg7 49.Rc8 h6 50.Rc7+ Kf6 51.Rh7 Kg6
52.Rc7 Kf6 53.Nf1 Nxf1 54.Kxf1 b4 55.Rc8 b3 56.Ra8 Bb5+ 57.Kg1 b2 58.Nd2 Rd3  0-1

[Event "IV Dos Hermanas Internet Final"]
[Site "ICC INT"]
[Date "2003.03.21"]
[Round "1.2"]
[White "Ivanisevic,I"]
[Black "Sokolov,And2"]
[Result "1-0"]
[WhiteElo "2555"]
[BlackElo "2519"]

1.d4 d5 2.c4 c6 3.Nc3 Nf6 4.Nf3 a6 5.Bg5 Ne4 6.h4 g6 7.e3 Bg7 8.Qb3 Nxc3
9.bxc3 dxc4 10.Bxc4 O-O 11.Qa3 Re8 12.h5 b5 13.Bb3 Qd6 14.Qc1 Be6 15.hxg6 hxg6
16.Bf4 Qd7 17.Ne5 Qc8 18.e4 Bxb3 19.axb3 Nd7 20.Nxd7 Qxd7 21.Bh6 Qg4 22.Qe3 e5
23.Bxg7 Kxg7 24.Qh6+ Kf6 25.Rh4 Qg5 26.Qxg5+ Kxg5 27.g3 f5 28.d5 cxd5 29.exd5 e4
30.O-O-O Red8 31.Kb2 Rac8 32.Rd4 Kf6 33.Rh7 Rc5 34.c4 bxc4 35.bxc4 Rb8+ 36.Kc3 Ra5
37.Rd2 Ra3+ 38.Kd4 Re8 39.Rb7 Kg5 40.d6 e3 41.fxe3 Raxe3 42.c5 R3e4+ 43.Kd5 R8e5+
44.Kc6 Rc4 45.Rd5 Re8 46.d7 Rd8 47.Kc7  1-0

[Event "ch-VIE w"]
[Site "Dong Thap VIE"]
[Date "2003.03.25"]
[Round "6"]
[White "Ngo Kim Cuong"]
[Black "Nguyen Thi Thuan Hoa"]
[Result "0-1"]
[WhiteElo "2108"]
[BlackElo "2207"]

1.d4 d5 2.c4 c6 3.Nf3 Nf6 4.Nc3 a6 5.e3 b5 6.c5 Bg4 7.Be2 Nbd7 8.a3 Bxf3
9.Bxf3 e5 10.O-O e4 11.Bg4 Be7 12.Bh3 O-O 13.f3 g6 14.Bd2 Re8 15.Be1 exf3
16.Qxf3 Rf8 17.Rd1 a5 18.Bh4 b4 19.Na4 Rb8 20.Bxf6 Nxf6 21.Nb6 bxa3 22.bxa3 Rb7
23.Qe2 Ne4 24.Qa6 Rc7 25.Qxa5 Bg5 26.Rd3 f5 27.Na8 Rb7 28.Nb6 Re7 29.g3 Rfe8
30.Re1 Qb8 31.Kg2 h5 32.Re2 Bh6 33.Rb2 Qc7 34.Qb4 Ng5 35.Na4 Nxh3 36.Kxh3 Bxe3
37.Re2 f4 38.Qe1 Qd7+ 39.Kg2 f3+  0-1

[Event "ch-VIE"]
[Site "Dong Thap VIE"]
[Date "2003.03.25"]
[Round "6"]
[White "Nguyen Anh Dung"]
[Black "Dao Thien Hai"]
[Result "0-1"]
[WhiteElo "2530"]
[BlackElo "2560"]

1.d4 d5 2.c4 c6 3.Nc3 Nf6 4.Nf3 a6 5.cxd5 cxd5 6.Bf4 Nc6 7.e3 Bg4 8.h3 Bxf3
9.Qxf3 e6 10.Bd3 Bd6 11.Bg5 Be7 12.O-O O-O 13.Rac1 h6 14.Bf4 Bd6 15.Na4 e5
16.dxe5 Nxe5 17.Bxe5 Bxe5 18.Rfd1 Qe7 19.b3 Rad8 20.g3 Rfe8 21.Kg2 g6 22.Nc3 d4
23.exd4 Bxd4 24.Bc4 Be5 25.Nd5 Nxd5 26.Bxd5 Rd7 27.Re1 Kg7 28.Bxb7 Rd6 29.Rc6 a5
30.Rc5 Re6 31.Rb5 Rb8 32.Rxa5 Bd4 33.Rxe6 fxe6 34.Rb5 Rf8 35.Qd1 Rxf2+ 36.Kh1 e5
37.Bg2 Qg5 38.Rb7+ Kf6 39.Bd5 Qxg3 40.Rf7+ Kg5 41.Rxf2 Bxf2 42.Bg2 Kh4 43.a4 Be3
44.a5 Bf4 45.Kg1 h5 46.a6 Be3+ 47.Kh1 Qf2 48.Qb1 g5 49.Qf1 Qxf1+ 50.Bxf1 Kg3
51.Be2 h4 52.Bg4 Ba7 53.Bf5 Bb6 54.Bg4 e4  0-1

[Event "17th Masters"]
[Site "Clichy FRA"]
[Date "2003.03.28"]
[Round "7"]
[White "Le Roux,JP"]
[Black "Velikov,P"]
[Result "0-1"]
[WhiteElo "2364"]
[BlackElo "2435"]

1.d4 d5 2.Nf3 c6 3.c4 Nf6 4.Nc3 a6 5.a4 e6 6.e3 Nbd7 7.Bd3 Bb4 8.O-O O-O
9.Qc2 Qe7 10.Ne5 dxc4 11.Nxc4 e5 12.a5 Re8 13.Qb3 Bd6 14.Nxd6 Qxd6 15.Bc4 Qe7
16.f4 exd4 17.exd4 Rf8 18.h3 Ne8 19.f5 Nd6 20.Bd3 Nb5 21.Ne4 Nxd4 22.Qc4 Qe5
23.Ra4 Nxf5 24.Bg5 b5 25.Qxc6 bxa4 26.Qxa8 Qd4+ 27.Nf2 Nc5 28.Bxf5 Bxf5 29.Qf3 Bg6
30.Be3 Qb4 31.Qc6 Nb3 32.Qxa6 Qxa5 33.Qxa5 Nxa5 34.Ra1 Bc2 35.Rc1 Bb3 36.Bd4 Nc4
37.Bc3 Rc8 38.Re1 Nd6 39.Ng4 h6 40.Ne3 Be6 41.Ra1 Bb3 42.Re1 Kh7 43.Be5 Rc6
44.Kh2 f6 45.Bf4 h5 46.g4 h4 47.Bxd6 Rxd6 48.Re2 g6 49.Ng2 g5 50.Ne3 Be6
51.Kg2 Kg6 52.Rf2 Bd7 53.Rc2 Rd4 54.Rc7 Kf7 55.Rc2 Ke7 56.Kf2 Kd6 57.Re2 Bc6
58.Rc2 Rb4 59.Rd2+ Ke5 60.Re2 Be4 61.Rd2 Rb3 62.Re2 Kd4 63.Rd2+ Rd3 64.Re2 Kc5
65.Rc2+ Kb4 66.Re2 Kb3 67.Re1 Rd2+  0-1

[Event "17th Masters"]
[Site "Clichy FRA"]
[Date "2003.03.29"]
[Round "8"]
[White "Sidhoum,J"]
[Black "Draoui,N"]
[Result "0-1"]
[WhiteElo "2150"]
[BlackElo "2278"]

1.d4 d5 2.Nf3 c6 3.c4 Nf6 4.Nc3 a6 5.c5 Nbd7 6.Bf4 Nh5 7.e3 g6 8.Bd3 Bg7
9.O-O O-O 10.b4 f6 11.Qc2 e5 12.dxe5 Nxf4 13.exf4 fxe5 14.fxe5 Rxf3 15.gxf3 Nxe5
16.f4 Nf3+ 17.Kg2 Bg4 18.h3 Qh4 19.Rh1 Nd4  0-1

[Event "National I"]
[Site "Besancon FRA"]
[Date "2003.04.04"]
[Round "4"]
[White "Pinter,J"]
[Black "Flear,G"]
[Result "1/2-1/2"]
[WhiteElo "2570"]
[BlackElo "2509"]

1.d4 d5 2.c4 c6 3.Nc3 Nf6 4.Nf3 a6 5.cxd5 cxd5 6.Bf4 Nc6 7.Rc1 Bf5 8.e3 Rc8
9.Be2 e6 10.O-O Bd6 11.Bxd6 Qxd6 12.Na4 O-O 13.Nc5 Rc7 14.a3 Rfc8 15.Rc3 Bg4
16.h3 Bxf3 17.Bxf3 e5 18.Nb3 exd4 19.exd4 Re8 20.Re1 Rce7 21.Rce3 Rxe3 22.Rxe3 Rxe3
23.fxe3 g6 24.Nc5 Qe7 25.Qd2 a5 26.Na4 h5 27.Nc3 Qd8 28.Qd3 Ne7 29.Qb5 b6
30.Kf2 Qd6 31.Ke2 g5 32.Kd2 g4 33.hxg4 hxg4 34.Be2 Kg7 35.Bd3  1/2-1/2

[Event "National I"]
[Site "Besancon FRA"]
[Date "2003.04.05"]
[Round "5"]
[White "Banikas,H"]
[Black "Marzolo,C"]
[Result "1/2-1/2"]
[WhiteElo "2542"]
[BlackElo "2468"]

1.d4 d5 2.c4 c6 3.Nf3 Nf6 4.Nc3 a6 5.cxd5 cxd5 6.Bg5 e6 7.e3 Nbd7 8.Bd3 Be7
9.O-O b5 10.Ne5 Bb7 11.f4 Ne4 12.Bxe7 Qxe7 13.Rc1 Ndf6 14.a4 b4 15.Nxe4 dxe4
16.Bc4 O-O 17.f5 Bd5 18.fxe6 fxe6 19.Be2 Qb7 20.a5 b3 21.Qd2 Rac8 22.Rxc8 Rxc8
23.Rc1 h6 24.Rc3 Nd7 25.Rxc8+ Qxc8 26.Nxd7 Qxd7 27.Bxa6 Qc6 28.Bf1 Qc2 29.Qe2 Qc7
30.a6 Kh7 31.g3 Qc1 32.Kg2 Qc7 33.Kh3 Qc2 34.g4 Qc1 35.Qf2 Qc2 36.Kg3 Kg8
37.h4 Qc7+ 38.Qf4 Qc1 39.a7 Qa1 40.Bg2 Qxa7 41.Bxe4 Bxe4 42.Qxe4 Qc7+ 43.Kf3 Qc4
44.Kf4 Qc7+ 45.Qe5 Qc4 46.Qb8+ Kh7 47.Qb7 Qc2 48.Qe4+ Kh8 49.Qa8+ Kh7 50.Qe4+ Kh8
51.Qa8+  1/2-1/2

[Event "National I"]
[Site "Besancon FRA"]
[Date "2003.04.06"]
[Round "6"]
[White "Nicoara,M"]
[Black "Milliet,S"]
[Result "0-1"]
[WhiteElo "2268"]
[BlackElo "2240"]

1.d4 d5 2.c4 c6 3.Nf3 Nf6 4.Nc3 a6 5.a4 e6 6.Bg5 Nbd7 7.cxd5 exd5 8.e3 Be7
9.Bd3 a5 10.O-O O-O 11.Qc2 Re8 12.Rae1 Nf8 13.Ne5 Ng4 14.Bxe7 Qxe7 15.Nxg4 Bxg4
16.f3 Bh5 17.e4 Qb4 18.Qf2 Bg6 19.Rd1 Ne6 20.Bb1 Red8 21.exd5 cxd5 22.Bxg6 hxg6
23.f4 Rd7 24.Rfe1 Rc8 25.f5 gxf5 26.Qxf5 Qxb2 27.Rxe6 Qxc3 28.Re5 Qc6 29.Rde1 Rd6
30.Qf3 Rcd8 31.Re7 Rf6 32.Qb3 b6 33.R7e5 g6 34.Qe3 Kg7 35.h4 Qxa4 36.h5 Rh8
37.hxg6 Rxg6 38.Rf5 Qd7 39.Qf3 Re8  0-1

[Event "Classics GM"]
[Site "Gausdal NOR"]
[Date "2003.04.06"]
[Round "5"]
[White "Lugovoi,A"]
[Black "Paehtz,E"]
[Result "1-0"]
[WhiteElo "2563"]
[BlackElo "2384"]

1.d4 d5 2.c4 c6 3.Nf3 Nf6 4.Nc3 a6 5.a4 e6 6.Bg5 Nbd7 7.Qc2 h6 8.Bh4 Bb4
9.e3 O-O 10.Be2 dxc4 11.Bxc4 Qa5 12.O-O c5 13.Ne4 cxd4 14.Nxf6+ Nxf6 15.Bxf6 gxf6
16.exd4 Qh5 17.Rfd1 Bd6 18.Qb3 Kh8 19.Be2 Qg6 20.Nd2 Rb8 21.Nc4 Rg8 22.Bf3 Bc7
23.Nb6 Qf5 24.Nxc8 Rbxc8 25.d5 Be5 26.d6 Rcd8 27.d7 a5 28.g3 Bxb2 29.Qxb2 Qxf3
30.Rd4 e5 31.Rd6 h5 32.h4  1-0

[Event "National I"]
[Site "Besancon FRA"]
[Date "2003.04.07"]
[Round "7"]
[White "Marzolo,C"]
[Black "Prie,E"]
[Result "1-0"]
[WhiteElo "2468"]
[BlackElo "2446"]

1.d4 d5 2.c4 c6 3.Nf3 Nf6 4.Nc3 a6 5.c5 Nbd7 6.Bf4 Nh5 7.e3 Nxf4 8.exf4 b6
9.cxb6 Qxb6 10.Bd3 Qxb2 11.Rc1 g6 12.O-O Bh6 13.g3 O-O 14.Na4 Qb4 15.Rxc6 Nf6
16.Qb3 Qxb3 17.axb3 a5 18.Ne5 Rb8 19.Rfc1 Bd7 20.Ra6 Bxa4 21.bxa4 Rb4 22.Rxa5 Rxd4
23.Ra7 Bg7 24.Bf1 Ne4 25.a5 Ra4 26.a6 e6 27.Rac7 Nd6 28.Nd7 Rd8 29.Nc5 Rb4
30.Nb7 Nxb7 31.axb7 Bf6 32.Ba6 Kg7 33.R1c6 Rb8 34.Rxe6 Bd8 35.Rc8 Kf8 36.Rd6 Ke8
37.Rxd5 Rb6  1-0

[Event "FSGM April"]
[Site "Budapest HUN"]
[Date "2003.04.10"]
[Round "6"]
[White "Ovsejevitsch,S"]
[Black "Erdos,V"]
[Result "1-0"]
[WhiteElo "2493"]
[BlackElo "2425"]

1.d4 d5 2.c4 c6 3.Nc3 Nf6 4.Nf3 a6 5.c5 Nbd7 6.Bf4 Nh5 7.e3 g6 8.Bg5 Bg7
9.Be2 O-O 10.O-O h6 11.Bh4 Bf6 12.Bxf6 Nhxf6 13.Qc2 Qc7 14.e4 dxe4 15.Nxe4 Qf4
16.Ng3 Nd5 17.Rfd1 N7f6 18.Bc4 Bf5 19.Qb3 Qc7 20.Ne5 e6 21.Rac1 Kg7 22.h3 h5
23.Qf3 Rad8 24.a3 Rh8 25.b4 h4 26.Nf1 Rh5 27.Re1  1-0

[Event "TCh-CZE 2002-3"]
[Site "Czech Rep CZE"]
[Date "2003.04.12"]
[Round "10"]
[White "Kantorik,M"]
[Black "Krupkova,P"]
[Result "1/2-1/2"]
[WhiteElo "2351"]
[BlackElo "2301"]

1.d4 d5 2.c4 c6 3.Nf3 Nf6 4.Nc3 a6 5.e3 b5 6.b3 Bg4 7.h3 Bxf3 8.Qxf3 bxc4
9.bxc4 e5 10.Bd2 Bb4 11.Qg3 O-O 12.Qxe5 Bxc3 13.Bxc3 Ne4 14.Bd2 Nd7 15.Qf4 Nxd2
16.Kxd2 Qa5+ 17.Ke2 Qc3 18.Rd1 Qc2+ 19.Rd2 Qxc4+ 20.Kf3 Qc1 21.Re2 Nf6 22.g4 Ne4
23.Bg2 Qc3 24.Rd1 Rab8 25.Bf1 a5 26.Kg2 Rb2 27.Rd3 Qc1 28.Rxb2 Qxb2 29.Rb3 Qxa2
30.Rb8 g5 31.Rxf8+ Kxf8 32.Qb8+ Kg7 33.Qe5+ Kg8 34.Qb8+ Kg7 35.Qe5+ Kg8  1/2-1/2

[Event "6th St Quentin Open"]
[Site "Elancourt FRA"]
[Date "2003.04.14"]
[Round "3"]
[White "Hadet,E"]
[Black "Draoui,N"]
[Result "0-1"]
[WhiteElo "2116"]
[BlackElo "2278"]

1.d4 d5 2.c4 c6 3.Nf3 Nf6 4.Nc3 a6 5.c5 Nbd7 6.Bf4 Nh5 7.e3 g6 8.Be2 Nxf4
9.exf4 Bg7 10.b4 O-O 11.O-O f6 12.f5 gxf5 13.Nh4 e6 14.f4 Re8 15.a4 Nf8 16.Bh5 Re7
17.Qd3 Bd7 18.Rae1 Be8 19.Bd1 Ng6 20.Qh3 a5 21.b5 b6 22.Nxg6 hxg6 23.cxb6 Qxb6
24.Qd3 Rc8 25.Bb3 Kf8 26.bxc6 Qxb3 27.Qa6 Rxc6  0-1

[Event "FSGM April"]
[Site "Budapest HUN"]
[Date "2003.04.16"]
[Round "12"]
[White "Dub,Z"]
[Black "Erdos,V"]
[Result "1/2-1/2"]
[WhiteElo "2358"]
[BlackElo "2425"]

1.d4 d5 2.c4 c6 3.Nf3 Nf6 4.Nc3 a6 5.cxd5 cxd5 6.Bf4 Nc6 7.e3 Bg4 8.Be2 e6
9.h3 Bxf3 10.Bxf3 Bd6 11.Bxd6 Qxd6 12.O-O O-O 13.Na4 Nd7 14.Rc1 Rfc8 15.Qd2 Ne7
16.b4 Rxc1  1/2-1/2

[Event "6th St Quentin Open"]
[Site "Elancourt FRA"]
[Date "2003.04.19"]
[Round "9"]
[White "Le Roch,D"]
[Black "Draoui,N"]
[Result "0-1"]
[WhiteElo "2077"]
[BlackElo "2278"]

1.d4 d5 2.c4 c6 3.Nc3 Nf6 4.Nf3 a6 5.Bf4 Bg4 6.Ne5 Bf5 7.e3 e6 8.Bd3 Bxd3
9.Qxd3 Nbd7 10.O-O Be7 11.a3 Nh5 12.c5 g5 13.Bg3 Nxg3 14.hxg3 Nxe5 15.dxe5 Bxc5
16.b4 Ba7 17.a4 Qc7 18.b5 Qxe5 19.bxc6 bxc6 20.Ne2 O-O 21.Qxa6 Qxe3 22.Ra2 Qxf2+
23.Rxf2 Bxf2+ 24.Kxf2 Rxa6  0-1